00965 a2200181 45000010006000000050017000060080041000230030015000640400040000790800017001192450044001362640041001803000019002215050455002401000038006957000022007337000028007554668720260407155737.0260407a1969 arg spa dAR-UNSa-BCEJYS aAR-UNSa-BCEJYSbspacAR-UNSa-BCEJYS a512xAlgebra10aTeoría y Problemas de Algebra Moderna 1aPanamá :bLibros McGraw-Hillc1969 a242 p.c27 cm. a1. Conjuntos – 2. Relaciones y operaciones – 3. Los números naturales – 4. Los enteros – 5. Algunas propiedades de los enteros – 6. Los números racionales – 7. Los números reales – 8. Los números complejos – 9. Grupos – 10. Anillos – 11. Dominio de integridad, cuerpos – 12. Polinomios – 13. Espacios vectoriales – 14. Matrices – 15. Polinomios de matrices – 16. Algebras lineales – 17. Algebras boolianas – 1 aCastaño Ceballos, Jesús Maria1 aAyres, Frank, Jr.1 aRobledo Moncada, Emilio